Avengers: Age of Ultron Character Quiz - Statistics

General Stats
  • This quiz has been taken 106 times
  • The average score is 12 of 14
Answer Stats
Categories Characters % Correct
Iron Man
100%
The Avengers Captain America
99%
Scarlet Witch
99%
Black Widow
98%
The Hulk
96%
Hawkeye
94%
Thor
94%
Quicksilver
93%
Other Ultron
92%
Vision
86%
Nick Fury
70%
War Machine
58%
Maria Hill
57%
Falcon
51%
No matching quizzes found
Score Distribution
Percent of People with Each Score
Percentile by Number Answered
Your Score History
You have not taken this quiz